[Event "Madrid-chT Honor 2223"]
[Site "Madrid"]
[Date "2023.02.12"]
[Round "9.2"]
[White "Vazquez Torres, Adrian"]
[Black "Fernandez Lledo, Javier"]
[Result "1-0"]
[WhiteElo "2190"]
[BlackElo "2260"]
[PlyCount "67"]
[EventDate "2022.11.20"]
[EventType "team-tourn"]
[EventRounds "14"]
[EventCountry "ESP"]
[SourceTitle "EXT 2024"]
[Source "ChessBase"]
[SourceDate "2023.10.10"]
[SourceVersion "1"]
[SourceVersionDate "2023.10.10"]
[SourceQuality "1"]
[WhiteTeam "Virgen de Atocha"]
[BlackTeam "Alcala de Henares"]
[WhiteTeamCountry "ESP"]
[BlackTeamCountry "ESP"]

1. e4 c5 2. Nf3 e6 3. d3 Nc6 4. g3 Nf6 5. e5 Nd5 6. Bg2 Be7 7. 0-0 0-0 8. Nbd2 f5 9. exf6 Nxf6 10. Re1 d6 11. c3 h6 12. d4 cxd4 13. Nxd4 Nxd4 14. cxd4 Qa5 15. Nc4 Qb4 16. b3 Qb5 17. Ba3 Qa6 18. Bb4 Rf7 19. d5 e5 20. a4 Bg4 21. Qd2 Rd8 22. Bf1 b5 23. axb5 Qc8 24. Rxa7 Bf3 25. Ne3 Qb8 26. Rea1 Ne4 27. Qc2 Qb6 28. R1a6 Qd4 29. Rxe7 Rxe7 30. Nf5 Qxb4 31. Nxe7+ Kh8 32. Nc6 Qe1 33. Nxd8 Nd2 34. Nf7+ 1-0

[Event "Madrid-chT Honor 2223"]
[Site "Madrid"]
[Date "2022.11.27"]
[Round "2.2"]
[White "Fernandez Lledo, Javier"]
[Black "Vazquez Torres, Adrian"]
[Result "1-0"]
[WhiteElo "2284"]
[BlackElo "2190"]
[PlyCount "107"]
[EventDate "2022.11.20"]
[EventType "team-tourn"]
[EventRounds "14"]
[EventCountry "ESP"]
[SourceTitle "EXT 2024"]
[Source "ChessBase"]
[SourceDate "2023.10.10"]
[SourceVersion "1"]
[SourceVersionDate "2023.10.10"]
[SourceQuality "1"]
[WhiteTeam "Alcala de Henares"]
[BlackTeam "Virgen de Atocha"]
[WhiteTeamCountry "ESP"]
[BlackTeamCountry "ESP"]

1. Nf3 c5 2. b3 Nc6 3. Bb2 d6 4. c4 e5 5. Nc3 f5 6. d3 g6 7. g3 Bg7 8. Bg2 Nge7 9. 0-0 h6 10. Ne1 Be6 11. Nd5 Bf7 12. f4 Nxd5 13. cxd5 Ne7 14. e4 Qb6 15. Kh1 g5 16. Nc2 gxf4 17. gxf4 Rg8 18. Qd2 Ng6 19. exf5 Nxf4 20. Rxf4 exf4 21. f6 Bf8 22. Re1+ Kd8 23. Be4 Qa6 24. a4 Rg5 25. Qxf4 Qb6 26. b4 cxb4 27. Ne3 Rc8 28. h4 Rg8 29. Bh7 Rc7 30. Qe4 Rg3 31. Bd4 Qa5 32. Kh2 Rxe3 33. Rxe3 Qxa4 34. Bg6 b6 35. Bxf7 Rxf7 36. Qe6 Qd7 37. h5 Kc7 38. Re2 Kb7 39. Rb2 Qc7 40. Kg3 Rh7 41. Rf2 Rf7 42. Kg4 b3 43. Kf5 Rd7 44. Kg6 a5 45. f7 Re7 46. Qf5 Qc1 47. Kh7 a4 48. Kg8 a3 49. Kxf8 Qc7 50. Kg8 b2 51. Bxb2 axb2 52. Rxb2 Qc3 53. f8Q Re5 54. Q5f7+ 1-0

[Event "Madrid-chT Honor 2122"]
[Site "Madrid"]
[Date "2021.12.12"]
[Round "2.2"]
[White "Vazquez Torres, Adrian"]
[Black "Elissalt Cardenas, Hector"]
[Result "1/2-1/2"]
[WhiteElo "2197"]
[BlackElo "2290"]
[PlyCount "141"]
[EventDate "2021.11.27"]
[EventType "team-tourn"]
[EventRounds "14"]
[EventCountry "ESP"]
[SourceTitle "EXT 2024"]
[Source "ChessBase"]
[SourceDate "2023.10.10"]
[SourceVersion "1"]
[SourceVersionDate "2023.10.10"]
[SourceQuality "1"]
[WhiteTeam "Virgen de Atocha"]
[BlackTeam "Tajamar"]
[WhiteTeamCountry "ESP"]
[BlackTeamCountry "ESP"]

1. e4 d6 2. d4 Nf6 3. Nc3 e5 4. dxe5 dxe5 5. Qxd8+ Kxd8 6. Bg5 Be6 7. 0-0-0+ Nbd7 8. g3 Kc8 9. f3 Bc5 10. Bh3 h6 11. Bxe6 fxe6 12. Bd2 a6 13. Nge2 b5 14. Rdf1 Kb7 15. Nd1 Raf8 16. Be3 Bd6 17. Nf2 Rf7 18. Nd3 Rhf8 19. Rf2 c5 20. Rd1 c4 21. Ne1 Kc7 22. Rg2 Bc5 23. Bxc5 Nxc5 24. b4 Na4 25. c3 g5 26. g4 Rg7 27. Kc2 h5 28. h3 h4 29. Ng1 Rd7 30. Rgd2 Rxd2+ 31. Rxd2 Ng8 32. Ng2 Ne7 33. f4 exf4 34. Nf3 Rg8 35. Nd4 Rg6 36. Ne1 Nb6 37. Nef3 Kc8 38. Ne5 Rf6 39. Ndf3 Ng6 40. Nc6 e5 41. Ncxe5 Nxe5 42. Nxe5 Re6 43. Nf7 Kc7 44. Nxg5 Re5 45. Nf3 Rxe4 46. Nxh4 Re3 47. Ng2 Rxh3 48. Nxf4 Rg3 49. g5 Kc6 50. g6 Nd7 51. Rg2 Rxg2+ 52. Nxg2 Nf6 53. Kd2 Kd5 54. Ke3 Ke5 55. Nf4 Ng4+ 56. Kf3 Nh6 57. g7 Kf6 58. Ke4 Kxg7 59. Ke5 Ng4+ 60. Kd6 Kf6 61. Ne6 Nf2 62. Nc7 Ne4+ 63. Kc6 Nxc3 64. Nxa6 Ke5 65. Nc7 Kd4 66. a3 Kd3 67. Ne6 Kc2 68. Kc5 Kb2 69. Nd4 Kxa3 70. Nxb5+ Nxb5 71. Kxc4 1/2-1/2

[Event "Madrid-chT 1920 Honor"]
[Site "Madrid"]
[Date "2020.02.16"]
[Round "9.5"]
[White "Guerrero Villanueva, David"]
[Black "Vazquez Torres, Adrian"]
[Result "1/2-1/2"]
[WhiteElo "1975"]
[BlackElo "2140"]
[PlyCount "139"]
[EventDate "2019.11.24"]
[EventType "team-tourn"]
[EventRounds "12"]
[EventCountry "ESP"]
[SourceTitle "EXT 2021"]
[Source "ChessBase"]
[SourceDate "2020.10.23"]
[SourceVersion "1"]
[SourceVersionDate "2020.10.23"]
[SourceQuality "1"]
[WhiteTeam "Getafe"]
[BlackTeam "Virgen de Atocha"]
[WhiteTeamCountry "ESP"]
[BlackTeamCountry "ESP"]

1. d4 Nf6 2. c4 d6 3. Nc3 c6 4. e4 g6 5. Be2 Bg7 6. h4 h5 7. Bg5 Nbd7 8. Nf3 Qc7 9. Qd2 a6 10. Rc1 Ng4 11. Ng1 e5 12. dxe5 Ndxe5 13. f3 f6 14. Bf4 Nh6 15. Nh3 Nhf7 16. Be3 0-0 17. b3 Qe7 18. Na4 b5 19. Nb6 Bxh3 20. Rxh3 Rad8 21. Qb4 f5 22. cxb5 axb5 23. a4 fxe4 24. f4 Nd3+ 25. Bxd3 exd3 26. Rxc6 bxa4 27. bxa4 Rfe8 28. Nd5 Qe6 29. Nc7 Qa2 30. Qd2 Qxa4 31. Nxe8 Rxe8 32. Rc7 Qxf4 33. Qf2 Qxf2+ 34. Kxf2 Ne5 35. Rxg7+ Kxg7 36. Bd4 Kh6 37. Bxe5 Rxe5 38. Rxd3 d5 39. Ra3 Re6 40. Rd3 Rf6+ 41. Ke3 Rf5 42. g3 g5 43. Ra3 g4 44. Ra6+ Kg7 45. Rd6 Rf3+ 46. Ke2 Rxg3 47. Rxd5 Kg6 48. Rd6+ Kf5 49. Rd5+ Kf4 50. Rxh5 Rh3 51. Rh8 Rh2+ 52. Kf1 Kg3 53. Kg1 Ra2 54. Rf8 Kxh4 55. Rc8 Kh3 56. Rc1 Rb2 57. Ra1 Rg2+ 58. Kh1 Rc2 59. Kg1 Rb2 60. Rc1 Rb3 61. Ra1 Kg3 62. Rc1 Kf3 63. Rf1+ Kg3 64. Rc1 Ra3 65. Rb1 Kh3 66. Rc1 Ra2 67. Rb1 g3 68. Rc1 Rg2+ 69. Kh1 Rf2 70. Kg1 1/2-1/2

[Event "Madrid-chT 1920 Honor"]
[Site "Madrid"]
[Date "2019.11.30"]
[Round "2.5"]
[White "Vazquez Torres, Adrian"]
[Black "Garcia Dorado, Alberto"]
[Result "1-0"]
[WhiteElo "2130"]
[BlackElo "2170"]
[PlyCount "63"]
[EventDate "2019.11.24"]
[EventType "team-tourn"]
[EventRounds "12"]
[EventCountry "ESP"]
[SourceTitle "EXT 2021"]
[Source "ChessBase"]
[SourceDate "2020.10.23"]
[SourceVersion "1"]
[SourceVersionDate "2020.10.23"]
[SourceQuality "1"]
[WhiteTeam "Virgen de Atocha"]
[BlackTeam "Getafe"]
[WhiteTeamCountry "ESP"]
[BlackTeamCountry "ESP"]

1. e4 e6 2. b3 d5 3. Bb2 Nf6 4. e5 Nfd7 5. f4 b6 6. Nf3 Ba6 7. Bxa6 Nxa6 8. Qe2 Nb4 9. Na3 c5 10. 0-0 Be7 11. f5 0-0 12. g4 Nc6 13. Qg2 d4 14. Rae1 exf5 15. gxf5 f6 16. Ng5 fxg5 17. Qxc6 Rc8 18. Qe4 Re8 19. Nb5 Ra8 20. c3 a6 21. Qd5+ Kh8 22. Nd6 Nxe5 23. Rxe5 Qxd6 24. Qe4 dxc3 25. Bxc3 Kg8 26. Re6 Qd7 27. Re1 Kf8 28. Re3 Rad8 29. Qe5 Bf6 30. Rxf6+ gxf6 31. Qxf6+ Qf7 32. Qh6+ 1-0

[Event "Madrid-chT 1819"]
[Site "Madrid"]
[Date "2019.03.17"]
[Round "14.5"]
[White "Barraza Caracuel, Ignacio"]
[Black "Vazquez Torres, Adrian"]
[Result "1/2-1/2"]
[WhiteElo "2117"]
[BlackElo "2144"]
[PlyCount "60"]
[EventDate "2018.11.17"]
[EventType "team-tourn"]
[EventRounds "14"]
[EventCountry "ESP"]
[SourceTitle "CBM 189 Extra"]
[Source "ChessBase"]
[SourceDate "2019.06.03"]
[SourceVersion "1"]
[SourceVersionDate "2019.06.03"]
[SourceQuality "1"]
[WhiteTeam "Liberty Chess"]
[BlackTeam "Virgen de Atocha"]
[WhiteTeamCountry "ESP"]
[BlackTeamCountry "ESP"]

1. Nf3 Nf6 2. c4 c5 3. g3 Nc6 4. Bg2 d5 5. cxd5 Nxd5 6. 0-0 e5 7. d3 Be7 8. Nc3 Be6 9. Bd2 0-0 10. a3 Rc8 11. Nxd5 Bxd5 12. b4 cxb4 13. axb4 a6 14. Rb1 e4 15. Ne1 exd3 16. Nxd3 Nd4 17. Bxd5 Qxd5 18. Be3 Rfd8 19. Bxd4 Qxd4 20. Qd2 b5 21. Qa2 Rc6 22. Rfd1 Rdc8 23. Nf4 Qe4 24. Qd5 Qxd5 25. Nxd5 Kf8 26. Rd3 Rc1+ 27. Rxc1 Rxc1+ 28. Kg2 Rc4 29. Ra3 Rd4 30. e4 Bxb4 1/2-1/2

[Event "Madrid-chT 1819"]
[Site "Madrid"]
[Date "2019.02.17"]
[Round "10.6"]
[White "Vazquez Torres, Adrian"]
[Black "Hidalgo Duque, Carlos"]
[Result "0-1"]
[WhiteElo "2154"]
[BlackElo "2240"]
[PlyCount "86"]
[EventDate "2018.11.17"]
[EventType "team-tourn"]
[EventRounds "14"]
[EventCountry "ESP"]
[SourceTitle "CBM 189 Extra"]
[Source "ChessBase"]
[SourceDate "2019.06.03"]
[SourceVersion "1"]
[SourceVersionDate "2019.06.03"]
[SourceQuality "1"]
[WhiteTeam "Virgen de Atocha"]
[BlackTeam "Blanco y Negro"]
[WhiteTeamCountry "ESP"]
[BlackTeamCountry "ESP"]

1. e4 c5 2. Nf3 d6 3. d4 cxd4 4. Nxd4 Nf6 5. Nc3 a6 6. h3 e6 7. g4 Be7 8. Be3 0-0 9. g5 Nfd7 10. h4 Nc6 11. Rg1 Nxd4 12. Qxd4 Ne5 13. Rg3 b5 14. f4 Nc6 15. Qd2 b4 16. Na4 Rb8 17. Bg2 Na5 18. b3 Bd7 19. Nb2 Qc7 20. Nd3 Nc6 21. h5 Rfc8 22. Bh3 a5 23. Rg2 Na7 24. f5 Bf8 25. Nf4 Re8 26. fxe6 fxe6 27. h6 Nb5 28. Nh5 Re7 29. hxg7 Rxg7 30. Nf6+ Kh8 31. Nxd7 Qxd7 32. Bd4 Nxd4 33. Qxd4 Rb5 34. 0-0-0 Qe7 35. Rf1 Re5 36. Kb1 Rf7 37. Rxf7 Qxf7 38. Rf2 Qe7 39. Bxe6 Bg7 40. Bd5 Rxg5 41. Qd1 Qe5 42. Kc1 Rg1 43. Rf1 Rxf1 0-1

[Event "Madrid-chT 1819"]
[Site "Madrid"]
[Date "2019.01.13"]
[Round "5.6"]
[White "Romera Gutierrez, Jose Antonio"]
[Black "Vazquez Torres, Adrian"]
[Result "0-1"]
[WhiteElo "1834"]
[BlackElo "2168"]
[PlyCount "78"]
[EventDate "2018.11.17"]
[EventType "team-tourn"]
[EventRounds "14"]
[EventCountry "ESP"]
[SourceTitle "CBM 189 Extra"]
[Source "ChessBase"]
[SourceDate "2019.06.03"]
[SourceVersion "1"]
[SourceVersionDate "2019.06.03"]
[SourceQuality "1"]
[WhiteTeam "Villalba 64"]
[BlackTeam "Virgen de Atocha"]
[WhiteTeamCountry "ESP"]
[BlackTeamCountry "ESP"]

1. b3 e5 2. Bb2 Nc6 3. e3 d6 4. c4 Bf5 5. d3 Nge7 6. Nc3 Qd7 7. Nf3 0-0-0 8. Be2 h6 9. h3 Rg8 10. e4 Be6 11. Nd5 Ng6 12. Qd2 f5 13. b4 Kb8 14. a4 Nce7 15. b5 Bxd5 16. cxd5 Nf4 17. g3 Nxe2 18. Qxe2 g5 19. Nd2 Bg7 20. Nc4 Rde8 21. Rb1 h5 22. Bc3 h4 23. a5 b6 24. axb6 axb6 25. Kd2 Kb7 26. Ra1 Ra8 27. Bb4 hxg3 28. fxg3 g4 29. hxg4 fxg4 30. Qe3 Rxa1 31. Rxa1 Rh8 32. Qf2 Rf8 33. Qg1 Rf3 34. Bxd6 Nxd5 35. exd5 e4 36. Rb1 e3+ 37. Nxe3 Qxd6 38. Rb3 Bd4 39. Qb1 Bxe3+ 0-1

[Event "Madrid-chT 1718"]
[Site "Madrid"]
[Date "2018.03.04"]
[Round "12.35"]
[White "Vazquez Torres, Adrian"]
[Black "Cabanas Jimenez, Andres"]
[Result "1-0"]
[WhiteElo "2174"]
[BlackElo "2211"]
[PlyCount "89"]
[EventDate "2017.11.19"]
[EventType "team-tourn"]
[EventRounds "14"]
[EventCountry "ESP"]
[SourceTitle "EXT 2019"]
[Source "ChessBase"]
[SourceDate "2018.10.10"]
[SourceVersion "1"]
[SourceVersionDate "2018.10.10"]
[SourceQuality "1"]
[WhiteTeam "Virgen de Atocha"]
[BlackTeam "Villalba 64"]
[WhiteTeamCountry "ESP"]
[BlackTeamCountry "ESP"]

1. e4 c5 2. Nf3 e6 3. d4 cxd4 4. Nxd4 a6 5. Nc3 Qc7 6. Be3 Nf6 7. Be2 Ba3 8. Ncb5 axb5 9. bxa3 Nxe4 10. Nxb5 Qa5+ 11. Kf1 d5 12. f3 Nc3 13. Nxc3 Qxc3 14. Bd4 Qxa3 15. Bxg7 Rg8 16. Bh6 b6 17. c4 dxc4 18. Qd4 Ra5 19. Qxb6 Nd7 20. Qd4 Rc5 21. Bc1 Qa4 22. Kf2 Bb7 23. Be3 Qc2 24. Rhe1 Bd5 25. Rab1 Qxa2 26. Qh4 Rc8 27. Qxh7 Nf6 28. Qh4 Nd7 29. Ra1 Qc2 30. Bd4 Qg6 31. g3 e5 32. Bd1 Qf5 33. Ra7 f6 34. g4 Qd3 35. Bxe5 Qd2+ 36. Re2 Qxe2+ 37. Bxe2 fxe5 38. Qh7 Rd8 39. Bd1 Rf8 40. Qg6+ Ke7 41. h4 e4 42. Qg7+ Rf7 43. Qe5+ Be6 44. f4 Ra8 45. Qg5+ 1-0

[Event "Madrid-chT 1718"]
[Site "Madrid"]
[Date "2018.02.10"]
[Round "9.45"]
[White "Beltran de Heredia Eguiaz, Miguel Angel"]
[Black "Vazquez Torres, Adrian"]
[Result "1/2-1/2"]
[WhiteElo "2224"]
[BlackElo "2174"]
[PlyCount "108"]
[EventDate "2017.11.19"]
[EventType "team-tourn"]
[EventRounds "14"]
[EventCountry "ESP"]
[SourceTitle "EXT 2019"]
[Source "ChessBase"]
[SourceDate "2018.10.10"]
[SourceVersion "1"]
[SourceVersionDate "2018.10.10"]
[SourceQuality "1"]
[WhiteTeam "Blanco y Negro"]
[BlackTeam "Virgen de Atocha"]
[WhiteTeamCountry "ESP"]
[BlackTeamCountry "ESP"]

1. e4 c5 2. Nf3 Nc6 3. d4 cxd4 4. Nxd4 d6 5. Nc3 Nf6 6. Bc4 e6 7. Be3 Be7 8. Qe2 a6 9. Bb3 Qc7 10. 0-0-0 Bd7 11. f3 b5 12. g4 Nxd4 13. Bxd4 Bc6 14. Kb1 b4 15. Na4 Nd7 16. Qc4 Qb7 17. Bxg7 Rg8 18. Bd4 Rg5 19. f4 Ra5 20. f5 d5 21. Qe2 dxe4 22. fxe6 fxe6 23. g5 0-0-0 24. Qc4 e5 25. Bb6 Nxb6 26. Nxb6+ Kb8 27. Qe6 e3 28. Rhe1 Bxg5 29. Rxd8+ Bxd8 30. Nc4 Rb5 31. Nd6 Qb6 32. Nxb5 Qxb5 33. Qd6+ Bc7 34. Qf8+ Kb7 35. Rxe3 a5 36. Be6 Qb6 37. Re1 a4 38. Rf1 a3 39. Bc8+ Ka7 40. Qf2 e4 41. Qxb6+ Kxb6 42. Bf5 Bxh2 43. Rf2 Bg3 44. Re2 h5 45. Bxe4 Bd7 46. Bf3 h4 47. Re4 Kc5 48. b3 Bb5 49. Rg4 Bf2 50. Rg5+ Kb6 51. Rg6+ Kc5 52. Rg7 Kb6 53. Rg6+ Kc5 54. Rg5+ Kb6 1/2-1/2

[Event "Madrid-chT 1718"]
[Site "Madrid"]
[Date "2017.11.26"]
[Round "2.45"]
[White "Vazquez Torres, Adrian"]
[Black "Shen, Yue"]
[Result "0-1"]
[WhiteElo "2174"]
[BlackElo "2263"]
[PlyCount "152"]
[EventDate "2017.11.19"]
[EventType "team-tourn"]
[EventRounds "14"]
[EventCountry "ESP"]
[SourceTitle "EXT 2019"]
[Source "ChessBase"]
[SourceDate "2018.10.10"]
[SourceVersion "1"]
[SourceVersionDate "2018.10.10"]
[SourceQuality "1"]
[WhiteTeam "Virgen de Atocha"]
[BlackTeam "Blanco y Negro"]
[WhiteTeamCountry "ESP"]
[BlackTeamCountry "ESP"]

1. e4 c5 2. Nf3 d6 3. d4 cxd4 4. Nxd4 Nf6 5. f3 e5 6. Bb5+ Bd7 7. Bxd7+ Qxd7 8. Nb3 d5 9. exd5 Qxd5 10. Qe2 Bb4+ 11. c3 Be7 12. 0-0 Nbd7 13. Rd1 Qc6 14. f4 e4 15. Be3 0-0 16. Nd4 Qc8 17. c4 Nc5 18. Nc3 Re8 19. h3 b6 20. g4 h6 21. Qg2 Nd3 22. b3 Bb4 23. Nce2 Nd7 24. a3 Bc5 25. g5 hxg5 26. Qxg5 Nf8 27. Kh2 Ne6 28. Qg3 Nxd4 29. Nxd4 f5 30. Rg1 Re7 31. Ra2 Qd7 32. Qg5 Rf7 33. Nc2 Qd6 34. b4 Bxe3 35. Nxe3 Qe6 36. Rag2 Raf8 37. h4 Rd7 38. h5 Rf6 39. Rg3 Kf8 40. R1g2 Ne1 41. Rf2 Nf3+ 42. Rfxf3 exf3 43. Rxf3 Rd3 44. Rg3 Rf7 45. Ng2 Rxg3 46. Qd8+ Qe8 47. Qxe8+ Kxe8 48. Kxg3 Rd7 49. Ne3 Rd3 50. Kf2 Kf7 51. Nxf5 Kf6 52. Ne3 Rxa3 53. b5 Ke6 54. Kf3 Ra1 55. Ke4 Rh1 56. Nf5 Kf6 57. Ng3 Rg1 58. Nf5 Re1+ 59. Ne3 Rh1 60. Kd5 Rxh5+ 61. Kc6 Rh1 62. Kb7 Ra1 63. Nd5+ Kf5 64. Kb8 Ra4 65. Kb7 Ra3 66. Kb8 Ke4 67. Kb7 Ra1 68. Nxb6 axb6 69. Kxb6 Kxf4 70. c5 g5 71. c6 g4 72. Kb7 g3 73. c7 Rc1 74. b6 g2 75. Kb8 g1Q 76. b7 Qb6 0-1

[Event "Madrid-chT 1617"]
[Site "Madrid"]
[Date "2017.03.12"]
[Round "13.36"]
[White "Vazquez Torres, Adrian"]
[Black "Ortega Ruiz, Jose Miguel"]
[Result "0-1"]
[WhiteElo "2223"]
[BlackElo "2233"]
[PlyCount "115"]
[EventDate "2016.11.20"]
[EventType "team-tourn"]
[EventRounds "14"]
[EventCountry "ESP"]
[SourceTitle "EXT 2018"]
[Source "ChessBase"]
[SourceDate "2017.10.13"]
[SourceVersion "1"]
[SourceVersionDate "2017.10.13"]
[SourceQuality "1"]
[WhiteTeam "Virgen de Atocha"]
[BlackTeam "Collado Villalba"]
[WhiteTeamCountry "ESP"]
[BlackTeamCountry "ESP"]

1. e4 e5 2. d4 exd4 3. Nf3 Nc6 4. Nxd4 Nf6 5. Nxc6 bxc6 6. Bd3 d5 7. e5 Ne4 8. Bxe4 dxe4 9. Qxd8+ Kxd8 10. Bg5+ Ke8 11. Nd2 h6 12. Be3 Bf5 13. Nb3 f6 14. 0-0-0 fxe5 15. Na5 Bg4 16. Rde1 Kd7 17. h3 Bh5 18. g4 Be8 19. Rd1+ Ke6 20. a3 Be7 21. Rhe1 Rf8 22. Nb3 Rf3 23. h4 Bxh4 24. Nc5+ Kf7 25. Nxe4 Kg6 26. Re2 Bf7 27. g5 hxg5 28. Bxg5 Bxg5+ 29. Nxg5 Rf5 30. Nxf7 Rxf7 31. Rxe5 Rxf2 32. Re7 Rf7 33. Rxf7 Kxf7 34. Rd7+ Kf6 35. Rxc7 g5 36. Rxc6+ Kf5 37. Kd2 Kf4 38. Rf6+ Kg3 39. c4 g4 40. c5 Kg2 41. Ke3 g3 42. c6 Rd8 43. Rg6 Kh2 44. Kf3 Rd3+ 45. Ke4 Rd2 46. Rh6+ Kg1 47. Rh8 Rc2 48. Kd5 Rd2+ 49. Ke6 Re2+ 50. Kd7 Rd2+ 51. Ke6 Re2+ 52. Kd6 Rd2+ 53. Kc5 Rc2+ 54. Kd6 Rd2+ 55. Ke7 Re2+ 56. Kd7 Rd2+ 57. Kc7 Rxb2 58. Rb8 0-1

[Event "Madrid-chT 1617"]
[Site "Madrid"]
[Date "2017.01.29"]
[Round "7.46"]
[White "Vazquez Torres, Adrian"]
[Black "Collado Barbas, Laura"]
[Result "1-0"]
[WhiteElo "2223"]
[BlackElo "2096"]
[PlyCount "85"]
[EventDate "2016.11.20"]
[EventType "team-tourn"]
[EventRounds "14"]
[EventCountry "ESP"]
[SourceTitle "EXT 2018"]
[Source "ChessBase"]
[SourceDate "2017.10.13"]
[SourceVersion "1"]
[SourceVersionDate "2017.10.13"]
[SourceQuality "1"]
[WhiteTeam "Virgen de Atocha"]
[BlackTeam "La Casa del Ajedrez"]
[WhiteTeamCountry "ESP"]
[BlackTeamCountry "ESP"]

1. c4 e6 2. g3 d5 3. Bg2 Nf6 4. Nf3 Be7 5. 0-0 d4 6. e3 c5 7. exd4 cxd4 8. d3 Nc6 9. Re1 0-0 10. Na3 Nd7 11. Bf4 Bxa3 12. bxa3 Qe7 13. Bc1 Qd6 14. Rb1 Nc5 15. Bf4 Qe7 16. Bc1 Rd8 17. Ng5 h6 18. Ne4 a6 19. Qe2 Na4 20. Qc2 Nc5 21. Bd2 Nxe4 22. Bxe4 Qd7 23. Bg2 f6 24. f4 Ne7 25. Rb6 Nc6 26. Qa4 Qc7 27. Rxc6 bxc6 28. Ba5 Qd6 29. c5 Qf8 30. Bxd8 Qxd8 31. Rb1 Ra7 32. Qxc6 Bd7 33. Qd6 Qc7 34. Rb8+ Kf7 35. Rf8+ Kg6 36. Be4+ Kh5 37. Bf3+ Kg6 38. Qxd4 e5 39. fxe5 fxe5 40. Be4+ Kh5 41. Bf3+ Kg6 42. Qe4+ Kg5 43. h4# 1-0

[Event "Madrid-chT 1516"]
[Site "Madrid"]
[Date "2016.03.06"]
[Round "13.45"]
[White "Guadamuro Torrente, Anabel"]
[Black "Vazquez Torres, Adrian"]
[Result "1/2-1/2"]
[WhiteElo "2147"]
[BlackElo "2205"]
[PlyCount "111"]
[EventDate "2015.11.22"]
[EventType "team-tourn"]
[EventRounds "14"]
[EventCountry "ESP"]
[SourceTitle "EXT 2017"]
[Source "ChessBase"]
[SourceDate "2016.10.25"]
[SourceVersion "1"]
[SourceVersionDate "2016.10.25"]
[SourceQuality "1"]
[WhiteTeam "La Casa del Ajedrez"]
[BlackTeam "Virgen de Atocha"]
[WhiteTeamCountry "ESP"]
[BlackTeamCountry "ESP"]

1. e4 c5 2. d3 Nc6 3. g3 e6 4. Bg2 Nf6 5. f4 b6 6. Nf3 Bb7 7. Nc3 d5 8. e5 d4 9. exf6 dxc3 10. bxc3 gxf6 11. 0-0 Qc7 12. f5 e5 13. Nd2 h5 14. Ne4 Bg7 15. a4 Na5 16. c4 Rd8 17. Bd2 Nc6 18. Nc3 Qd7 19. Nd5 Ne7 20. Nxe7 Bxg2 21. Kxg2 Kxe7 22. a5 h4 23. axb6 axb6 24. Qf3 Bh6 25. Bxh6 Rxh6 26. g4 h3+ 27. Kh1 Rhh8 28. Ra6 Rb8 29. Rfa1 Rb7 30. g5 Rg8 31. gxf6+ Kxf6 32. Rb1 Qc7 33. Qe4 Rg5 34. Rf1 Rb8 35. Ra8 Rxa8 36. Qxa8 Kg7 37. f6+ Kh7 38. Rf3 Qd7 39. Qe4+ Rg6 40. Qh4+ Rh6 41. Qe4+ Rg6 42. Rg3 Qa7 43. Rxg6 fxg6 44. Qh4+ Kg8 45. Qxh3 Qa8+ 46. Kg1 Kf7 47. Qd7+ Kxf6 48. Qd6+ Kf5 49. Qxb6 Qa1+ 50. Kg2 Qc1 51. Qxc5 Qg5+ 52. Kf2 Qd2+ 53. Kg1 Qc1+ 54. Kg2 Qg5+ 55. Kf1 Qc1+ 56. Kg2 1/2-1/2

[Event "Madrid-chT 1516"]
[Site "Madrid"]
[Date "2016.01.23"]
[Round "7.45"]
[White "Nunez Miranda, Adrian"]
[Black "Vazquez Torres, Adrian"]
[Result "0-1"]
[WhiteElo "2085"]
[BlackElo "2205"]
[PlyCount "136"]
[EventDate "2015.11.22"]
[EventType "team-tourn"]
[EventRounds "14"]
[EventCountry "ESP"]
[SourceTitle "EXT 2017"]
[Source "ChessBase"]
[SourceDate "2016.10.25"]
[SourceVersion "1"]
[SourceVersionDate "2016.10.25"]
[SourceQuality "1"]
[WhiteTeam "San Fernando de Henares"]
[BlackTeam "Virgen de Atocha"]
[WhiteTeamCountry "ESP"]
[BlackTeamCountry "ESP"]

1. e4 e6 2. d4 d5 3. Nd2 dxe4 4. Nxe4 Bd7 5. Nf3 Bc6 6. Neg5 Be7 7. Nxf7 Kxf7 8. Ne5+ Kf8 9. Qh5 Qe8 10. Qh3 Be4 11. c3 Nd7 12. f3 Bf5 13. g4 Bc2 14. f4 Nxe5 15. fxe5 Qc6 16. Bg2 Be4 17. 0-0+ Ke8 18. Bxe4 Qxe4 19. g5 Qg6 20. Qf3 c6 21. h4 h5 22. Qg2 Bd8 23. a4 Ne7 24. a5 a6 25. b4 Qd3 26. Bd2 Nf5 27. Rf3 Qe4 28. Rf4 Qxg2+ 29. Kxg2 g6 30. Kf3 Rh7 31. Ke4 Rd7 32. Kd3 Bc7 33. Re4 b6 34. axb6 Bxb6 35. Kc4 Rd5 36. Rb1 Rad8 37. Be1 Bxd4 38. cxd4 Rxd4+ 39. Rxd4 Rxd4+ 40. Kc5 Kd7 41. Ra1 Rd5+ 42. Kb6 Rxe5 43. Kxa6 Rb5 44. Ra5 Rb8 45. Ka7 Rc8 46. Kb6 Rb8+ 47. Kc5 Nd6 48. Kd4 Nb5+ 49. Kc5 Rf8 50. Ra2 Rf5+ 51. Kb6 Nc7 52. Rd2+ Rd5 53. Rf2 Rb5+ 54. Ka7 Rf5 55. Rd2+ Nd5 56. Kb7 Rf3 57. Rc2 Re3 58. Rc1 Re4 59. Rb1 e5 60. Rd1 Rd4 61. Rb1 e4 62. Rb2 e3 63. Rc2 Rd1 64. Re2 Rb1 65. Ka7 Kc8 66. Bc3 Nxc3 67. Rxe3 Ra1+ 68. Kb6 Nd5+ 0-1

[Event "Madrid-chT 1516"]
[Site "Madrid"]
[Date "2015.12.13"]
[Round "3.25"]
[White "Alcazar Jimenez, Jesus Alberto"]
[Black "Vazquez Torres, Adrian"]
[Result "0-1"]
[WhiteElo "2196"]
[BlackElo "2205"]
[PlyCount "72"]
[EventDate "2015.11.22"]
[EventType "team-tourn"]
[EventRounds "14"]
[EventCountry "ESP"]
[SourceTitle "EXT 2017"]
[Source "ChessBase"]
[SourceDate "2016.10.25"]
[SourceVersion "1"]
[SourceVersionDate "2016.10.25"]
[SourceQuality "1"]
[WhiteTeam "Blanco y Negro"]
[BlackTeam "Virgen de Atocha"]
[WhiteTeamCountry "ESP"]
[BlackTeamCountry "ESP"]

1. d4 Nf6 2. Bg5 d6 3. Bxf6 gxf6 4. Nf3 Bg7 5. g3 h5 6. Bg2 c6 7. Nc3 Qb6 8. Rb1 d5 9. e3 a5 10. Nh4 a4 11. a3 f5 12. Bf3 Bf6 13. Ng2 h4 14. Nxh4 Bxh4 15. gxh4 Rxh4 16. Ne2 Nd7 17. Nf4 Nf6 18. h3 Be6 19. Qd2 Qc7 20. Rg1 0-0-0 21. Qb4 Rxf4 22. exf4 Qxf4 23. Ke2 Ne4 24. b3 c5 25. Qa5 cxd4 26. Bxe4 dxe4 27. Qa8+ Kc7 28. Qa5+ b6 29. Qa7+ Kc6 30. Qxa4+ Kb7 31. Qb4 d3+ 32. cxd3 exd3+ 33. Kf1 Qf3 34. Qd2 Qxh3+ 35. Ke1 Qf3 36. Kf1 f4 0-1

[Event "Madrid Oliver Gonzalez Memorial 4th"]
[Site "Madrid"]
[Date "2015.10.11"]
[Round "2"]
[White "Vazquez Torres, Adrian"]
[Black "Vazquez Gonzalez, Jesus"]
[Result "1-0"]
[WhiteElo "2204"]
[BlackElo "1978"]
[PlyCount "65"]
[EventDate "2015.10.10"]
[EventType "swiss"]
[EventRounds "9"]
[EventCountry "ESP"]
[SourceTitle "CBM 168 Extra"]
[Source "ChessBase"]
[SourceDate "2015.10.29"]
[SourceVersion "1"]
[SourceVersionDate "2015.10.29"]
[SourceQuality "1"]

1. e4 d6 2. d4 Nd7 3. Nf3 e5 4. dxe5 dxe5 5. Bc4 c6 6. Ng5 Nh6 7. c3 Be7 8. Nh3 Nb6 9. Qxd8+ Bxd8 10. Bb3 Bxh3 11. gxh3 Ng8 12. Rg1 g6 13. Be3 Nf6 14. Nd2 0-0 15. Nf3 Nfd7 16. 0-0-0 Bf6 17. h4 c5 18. Bd5 Rab8 19. h5 Kg7 20. h4 Rfe8 21. h6+ Kf8 22. h5 Rec8 23. hxg6 fxg6 24. Ng5 Bxg5 25. Bxg5 Rc7 26. f4 Re8 27. Rgf1 Nxd5 28. Rxd5 Kg8 29. Rfd1 Nb6 30. Rxe5 Rxe5 31. fxe5 Kf7 32. Rd6 Rc6 33. e6+ 1-0